First 200 words of Percy Jackson and the Lightning Thief - Statistics

General Stats
  • This quiz has been taken 1,539 times
    1,533 since last reset
  • The average score is 106 of 200
Answer Stats
Word % Correct
a
97%
I
97%
be
87%
to
87%
you
83%
You
83%
you.
83%
the
82%
want
80%
didn't
76%
is:
76%
is
76%
and
74%
And
74%
Blood.
73%
blood
73%
Half
73%
half-
73%
If
73%
if
73%
my
72%
My
72%
in
71%
Percy
69%
it
68%
on.
68%
this
68%
Jackson.
66%
your
65%
Look,
64%
think
62%
of
61%
that
59%
that,
59%
that.
59%
one,
58%
one
58%
name
57%
Read
57%
might
56%
Don't
55%
say
55%
Am
54%
book
54%
could
51%
for
51%
kid,
50%
kid?
50%
they
50%
you're
50%
life.
49%
reading
49%
normal
48%
warn
48%
mom
47%
now
47%
now.
47%
advice
46%
Being
46%
being
46%
It's
46%
its
46%
it's
46%
know
46%
school
46%
close
45%
or
45%
time,
45%
time
45%
But
44%
us.
44%
dad
43%
I'm
43%
dangerous.
42%
right
42%
because
41%
at
39%
was
39%
Believe
38%
believe
38%
told
38%
about
37%
lie
37%
too,
37%
Most
36%
killed
35%
troubled
34%
New
33%
ways.
33%
try
32%
gets
31%
old.
31%
stop
31%
ever
30%
whatever
30%
years
30%
York.
30%
any
29%
come
29%
only
29%
scary.
29%
feel
28%
twelve
28%
Yeah.
28%
before
27%
fiction,
27%
kids
27%
once
27%
these
27%
birth,
26%
envy
26%
matter
26%
nasty
26%
able
25%
Yancy
25%
Academy,
24%
lead
24%
painful,
24%
yourself
24%
happened.
23%
none
23%
something
22%
student
22%
pages –
21%
sense
20%
they'll
20%
boarding
19%
start
19%
great.
18%
inside -
18%
recognize
17%
ago,
16%
few
16%
immediately.
16%
stirring
16%
Until
16%
months
15%
point
15%
private
14%
short
14%
upstate
14%
miserable
12%
No matching quizzes found
Score Distribution
Percent of People with Each Score
Percentile by Number Answered
Your Score History
You have not taken this quiz since the last reset